Report from mars (Record no. 2771)

MARC details
000 -LEADER
fixed length control field 00837nam a2200229Ia 4500
003 - CONTROL NUMBER IDENTIFIER
control field IN-BaIIA
008 - FIXED-LENGTH DATA ELEMENTS--GENERAL INFORMATION
fixed length control field 211028s9999 xx 000 0 eng d
040 ## - CATALOGING SOURCE
Transcribing agency IIA Library
080 ## - UNIVERSAL DECIMAL CLASSIFICATION NUMBER
Universal Decimal Classification number 523.4
Item number REP
110 ## - MAIN ENTRY--CORPORATE NAME
Corporate name or jurisdiction name as entry element Jet propulsion laboratory (U.S.)
9 (RLIN) 4956
245 #0 - TITLE STATEMENT
Title Report from mars
Remainder of title Mariner IV 1964-1965
Statement of responsibility, etc. Jet propulsion laboratory (U.S.) and National aeronautics and space administration
260 ## - PUBLICATION, DISTRIBUTION, ETC.
Place of publication, distribution, etc. Washington
Name of publisher, distributor, etc. National Aeronautics and Space Administration
Date of publication, distribution, etc. 1966
300 ## - PHYSICAL DESCRIPTION
Extent 45p.
490 ## - SERIES STATEMENT
Series statement NASA EP; 39
650 ## - SUBJECT ADDED ENTRY--TOPICAL TERM
Topical term or geographic name entry element Astronomy and astrophysics thesaurus
650 ## - SUBJECT ADDED ENTRY--TOPICAL TERM
Topical term or geographic name entry element Mars probes
9 (RLIN) 4957
650 ## - SUBJECT ADDED ENTRY--TOPICAL TERM
Topical term or geographic name entry element Mars probes -- United States
9 (RLIN) 4958
650 ## - SUBJECT ADDED ENTRY--TOPICAL TERM
Topical term or geographic name entry element Planet Mars
9 (RLIN) 1263
650 ## - SUBJECT ADDED ENTRY--TOPICAL TERM
Topical term or geographic name entry element Project Mariner (U.S.)
9 (RLIN) 4959
710 ## - ADDED ENTRY--CORPORATE NAME
Corporate name or jurisdiction name as entry element National aeronautics and space administration
9 (RLIN) 4960
942 ## - ADDED ENTRY ELEMENTS (KOHA)
Koha item type Books
Holdings
Withdrawn status Lost status Damaged status Not for loan Home library Current library Shelving location Date acquired Cost, normal purchase price Total Checkouts Full call number Barcode Date last seen Cost, replacement price Price effective from Koha item type Purchase Price
        IIA Library-Bangalore IIA Library-Bangalore General Stacks 30/03/1967 3.75   523.4/ REP 3089 05/11/2021 3.75 30/03/1967 Books Rs. 3.75

Powered by Koha